Soil Mechames & Found (Record no. 546445)
[ view plain ]
| 000 -LEADER | |
|---|---|
| fixed length control field | 00352nam a22001457a 4500 |
| 082 ## - DEWEY DECIMAL CLASSIFICATION NUMBER | |
| Classification number | 624.15136 |
| Author Mark | PUN |
| -- | L-16, p-47 |
| 100 ## - MAIN ENTRY--PERSONAL NAME | |
| Personal name | Punmia |
| 9 (RLIN) | 42568 |
| 245 ## - TITLE STATEMENT | |
| Title | Soil Mechames & Found |
| 250 ## - EDITION STATEMENT | |
| Edition statement | 6th |
| 260 ## - PUBLICATION, DISTRIBUTION, ETC. | |
| Date of publication, distribution, etc. | 1980 |
| 300 ## - PHYSICAL DESCRIPTION | |
| Extent | xxiii. 873. p : |
| Other physical details | ill. |
| Dimensions | 33cm |
| 526 ## - STUDY PROGRAM INFORMATION NOTE | |
| Program name | 0 |
| Interest level | 0 |
| Reading level | 0 |
| Title point value | 624_151360000000000_PUN |
| 650 ## - SUBJECT ADDED ENTRY--TOPICAL TERM | |
| Topical term or geographic name entry element | MCE |
| 9 (RLIN) | 379 |
| 942 ## - ADDED ENTRY ELEMENTS (KOHA) | |
| Source of classification or shelving scheme | |
| Koha item type | Book |
| Withdrawn status | Lost status | Source of classification or shelving scheme | Damaged status | Not for loan | Permanent Location | Current Location | Date acquired | Total Checkouts | Full call number | Barcode | Date last seen | Date last checked out | Price effective from | Koha item type |
|---|---|---|---|---|---|---|---|---|---|---|---|---|---|---|
| Military College of Engineering (MCE) | Military College of Engineering (MCE) | 06/12/2014 | 1 | 624.15136 PUN | MCE-41349 | 06/18/2015 | 05/28/2015 | 03/14/2021 | Book |
